| 000 | 00478nam a2200157 a 4500 | ||
|---|---|---|---|
| 001 | 000031437 | ||
| 005 | 20200930062929.0 | ||
| 008 | 110622s1953 dr c 000 p spa d | ||
| 040 |
_aDO-SdBNP _bspa _cBNPHU |
||
| 082 |
_axx _bO77r |
||
| 100 | 1 |
_aOrtiz Álvarez, Horacio _957843 |
|
| 245 | 1 | 0 |
_aRumbos y preceptos / _cHoracio Ortiz Álvarez. |
| 260 |
_aCiudad Trujillo, República Dominicana : _bImprenta Compostela, _c1953. |
||
| 300 |
_a79 p. : _bretr. ; _c21 cm. |
||
| 049 | _aBNPD | ||
| 999 |
_c30929 _d30929 |
||